| 000 | 00583nam a2200241Ia 4500 | ||
|---|---|---|---|
| 003 | OSt | ||
| 005 | 20221005115505.0 | ||
| 006 | a|||||r|||| 00| 0 | ||
| 007 | ta | ||
| 008 | 221004b |||||||| |||| 00| 0 guj d | ||
| 024 | _a46274 | ||
| 037 | _cTextual | ||
| 040 |
_aCRL _cCRL _bguj |
||
| 041 |
_2guj _aguj |
||
| 082 | _aO156,4M85,1, J8 | ||
| 100 |
_aKalekar _9223652 |
||
| 245 | 0 | _aChe chandanne | |
| 260 | _c1958 | ||
| 300 |
_a184 _ccm. |
||
| 650 | _aGUJRATI LITERATURE | ||
| 942 |
_hO156,4M85,1, J8 _cTEXL _2cc |
||
| 999 |
_c1034990 _d1034990 |
||